[Event "Porz op 29th"]
[Site "Cologne"]
[Date "1993.??.??"]
[Round "1"]
[White "Schmitz, Alexander"]
[Black "Remling, Christian"]
[Result "0-1"]
[WhiteElo "1825"]
[BlackElo "2305"]
[PlyCount "78"]
[EventDate "1993.??.??"]
[EventType "swiss"]
[EventRounds "9"]
[EventCountry "GER"]
[SourceTitle "EXT 1999"]
[Source "ChessBase"]
[SourceDate "1998.11.16"]
[SourceVersion "1"]
[SourceVersionDate "1998.11.16"]
[SourceQuality "1"]

1. Nf3 Nf6 2. c4 c5 3. g3 Nc6 4. Bg2 d5 5. cxd5 Nxd5 6. 0-0 e5 7. d3 Be7 8. Nc3 Be6 9. Bd2 0-0 10. Nxd5 Bxd5 11. Bc3 f6 12. Nh4 Nd4 13. e3 Nc6 14. Bh3 g6 15. f4 exf4 16. exf4 c4 17. Qe2 Bc5+ 18. Rf2 cxd3 19. Qxd3 Bxf2+ 20. Kxf2 Qb6+ 21. Kf1 Rad8 22. Qe2 Rfe8 23. Qf2 Bc4+ 24. Kg1 Nd4 25. Bg4 f5 26. Bd1 Ne2+ 27. Bxe2 Qxf2+ 28. Kxf2 Rxe2+ 29. Kg1 Bb5 30. Nf3 Bc6 31. Nd4 Rg2+ 32. Kf1 Rxh2 33. Nxc6 bxc6 34. Re1 Rh1+ 35. Kf2 Rxe1 36. Kxe1 Kf7 37. Ke2 Ke6 38. a3 Kd5 39. Kd3 Rg8 0-1